Fourier analysis in several complex variables /
Guardado en:
| Autor Principal: | |
|---|---|
| Formato: | Libro |
| Idioma: | English |
| Publicado: |
New York :
Wiley-Interscience,
c1970.
|
| Series: | Pure and applied mathematics (Interscience Publishers) ;
v. 17. |
| Etiquetas: |
Agregar Etiqueta
Sin Etiquetas, Sea el primero en etiquetar este registro!
|
| LEADER | 00772nam a22002175 4500 | ||
|---|---|---|---|
| 001 | MAT.inmabb001844 | ||
| 008 | 840716s1970####nyua#####b####001#0#eng#d | ||
| 005 | 20130323062512.0 | ||
| 245 | 1 | 0 | |a Fourier analysis in several complex variables / |c Leon Ehrenpreis. |
| 260 | |a New York : |b Wiley-Interscience, |c c1970. | ||
| 300 | |a xiii, 506 p. : |b il. ; |c 24 cm. | ||
| 490 | 1 | |a Pure and applied mathematics ; |v v. 17 | |
| 500 | |a Serie en la cubierta: Tracts in mathematics ; no. 17 | ||
| 504 | |a Bibliografía: p. 490-496. | ||
| 510 | 4 | |a MR, |c 44 #3066 | |
| 020 | |a 0471234001 | ||
| 100 | 1 | |a Ehrenpreis, Leon. | |
| 830 | 0 | |a Pure and applied mathematics (Interscience Publishers) ; |v v. 17. | |
| 084 | |a 42.00 (32.00) |2 MR | ||
| 010 | |a 68008755 | ||
| 859 | |h 42 |i Eh33 |p A-3310 |b BIB. MATEMATICA | ||
